000 00817nam a22002297a 4500
005 20161216095932.0
008 161216b2012 mx ||||| |||| 001 0dspa d
020 _a9786074015461
050 0 4 _aKGF3051
_bP67 2012
100 1 _aPortillo Figueroa, Edgar Ulises,
_eautor
245 1 0 _aInstitucionalización del reféndum en México /
_cEdgar Ulises Portillo Figueroa.
250 _aPrimera edición
260 _aMéxico :
_bUniversidad Autónoma del Estado de México,
_cc2012
300 _a122 páginas ;
_c21 cm.
490 0 _aMiguel Ángel Porrúa : Las Ciencias Sociales
504 _aBibliografía : p. 121-123
504 _aIncluye índice
650 7 _2lemb
_aCiencia política
_zMéxico
650 7 _2lemb
_aDerecho constitucional
_zMéxico
651 7 _2lemb
_aMéxico
_xReferéndum
942 _2lcc
_cLIB
999 _c123660
_d123660